000
00265nam a2200109Ia 4500
008
200302s9999 xx 000 0 und d
100
_a
Alan Blanc
245
_a
Landscape Construction & Detailing
260
_b
B. T. Batsford Ltd.
260
_c
1996
300
_a
210 P.,
999
_c
1834
_d
1834